00748nam a2200193Ia 450000500170000000800410001704000560005804100080011410000390012224501090016124600560027025000100032626000440033630000500038050000310043065000340046165000360049565000230053120211112080639.0130821s1958 ag abc gr spa  aCO-BoUCMbspacJose A. Gerena (modificó)d[Nuevo]00aspa1 aDíaz-Plaja, Guillermod1909-198410aHistoria de la literatura españolacGuillermo Díaz Plajaba través de la crítica y de los textos04aHistoria de la literatura españolabsiglos XII-XX a4a ed aBuenos Aires (Argentina)bCiordiac1958 a602 páginasbilustraciones, mapas, retratos aDonación UCM-C-ARRAYANES 7aCrítica literariazEspaña 7aLiteratura españolaxHistoria 7aLiteratura europea